| 000 | 00747nas a2200265 4500 | ||
|---|---|---|---|
| 001 | BR2015000863 | ||
| 003 | BR-BrBNA | ||
| 005 | 20231205125120.0 | ||
| 007 | ta | ||
| 008 | 230509b bl.|||p| |||| 00| 00por d | ||
| 040 |
_aBR-BrBNA _bpor _cBiblioteca Nacional de Agricultura |
||
| 041 | _a(En) | ||
| 072 | _aF01 | ||
| 100 | 1 | _aPavanello, A.P. | |
| 100 | 1 | _aAyub, R.A. | |
| 245 | 1 | _aRaleio químico de frutos de ameixeira com ethephon | |
| 650 | _aAMEIXA | ||
| 650 | _aETEFON | ||
| 650 | _aRALEIO | ||
| 650 | _aREGULADOR DE CRESCIMENTO | ||
| 650 | _aPARANÁ | ||
| 773 | 0 |
_tCiência Rural (Brazil) _xISSN 0103-8478 _g(Oct. 2014), v. 44(10) p.1766-1769 _wBR2015000863 |
|
| 909 |
_a202311 _bLúcia _c55 _dLúcia Elande |
||
| 942 |
_2AGRIS _n0 _cANA |
||
| 999 |
_c242719 _d242719 |
||